书目信息 |
| 题名: |
商战成功54法
|
|
| 作者: | 伊东明 , 内藤谊人 著 ;胡晓丽 , 包芳 译 | |
| 分册: | ||
| 出版信息: | 北京 中央编译出版社 2004.01 |
|
| 页数: | 217页 | |
| 开本: | 22cm | |
| 丛书名: | 智慧树书系 | |
| 单 册: | ||
| 中图分类: | F715 | |
| 科图分类: | ||
| 主题词: | 商业企业--企业管理--研究 | |
| 电子资源: | ||
| ISBN: | 7-80109-719-X | |
| 000 | 00875nam 2200301 450 | |
| 001 | CAL 012004015016 | |
| 005 | 20050603113958.64 | |
| 010 | @a7-80109-719-X@d23.00CNY | |
| 099 | @aCAL 012004015016 | |
| 100 | @a20040219d2004 em y0chiy0120 ea | |
| 101 | 1 | @achi@cjpn |
| 102 | @aCN@b110000 | |
| 105 | @aa z 000yy | |
| 200 | 1 | @a商战成功54法@AShang Zhan Cheng Gong 54 Fa@f(日) 伊东明, 内藤谊人著@g胡晓丽, 包芳译 |
| 210 | @a北京@c中央编译出版社@d2004.01 | |
| 215 | @a217页@c图@d22cm | |
| 225 | 2 | @a智慧树书系 |
| 410 | 0 | @12001 @a智慧树书系 |
| 606 | 0 | @a商业企业@x企业管理@x研究 |
| 690 | @aF715@v4 | |
| 701 | 0 | @a伊东明@AYi Dong Ming@4著 |
| 701 | 0 | @a内藤谊人@ANei Teng Yi Ren@4著 |
| 702 | 0 | @a胡晓丽@AHu Xiao Li@4译 |
| 702 | 0 | @a包芳@ABao Fang@4译 |
| 801 | 0 | @aCN@bSXH@c20050603 |
| 905 | @a10447@dF715@eY486 | |
| 906 | @dCNY23.00@n0@r1 | |
| 998 | @aXH | |
| 商战成功54法/(日) 伊东明, 内藤谊人著/胡晓丽, 包芳译.-北京:中央编译出版社,2004.01 |
| 217页:图;22cm.-(智慧树书系) |
| ISBN 7-80109-719-X:23.00CNY |
| ● |
| 相关链接 |
|
|
|
正题名:商战成功54法
索取号:F715/Y486
 
预约/预借
| 序号 | 登录号 | 条形码 | 馆藏地/架位号 | 状态 | 备注 |
| 1 | 535387 | 205353874 | 管理学院资料室/ [索取号:F715/Y486] | 在馆 | |
| 2 | 535388 | 205353883 | 社科库409/409社科库 45排1列5层/ [索取号:F715/Y486] | 在馆 | |
| 3 | 535389 | 205353892 | 社科库409/409社科库 45排1列5层/ [索取号:F715/Y486] | 在馆 | |
| 4 | 535390 | 205353909 | 社科库409/422社科库 36排4列4层/ [索取号:F715/Y486] | 在馆 | |
| 5 | 535391 | 205353918 | 社科库409/409社科库 45排1列5层/ [索取号:F715/Y486] | 在馆 |